Education of lifestyle and lifetime diseases / (Record no. 19361)

MARC details
000 -LEADER
fixed length control field 00929cam a22002538a 4500
005 - DATE AND TIME OF LATEST TRANSACTION
control field 20080916184717.0
008 - FIXED-LENGTH DATA ELEMENTS--GENERAL INFORMATION
fixed length control field 080911s2008 ii 001 0 eng
010 ## - LCCN (DPL NO)
LC control number ENG-91948
020 ## - INTERNATIONAL STANDARD BOOK NUMBER
International Standard Book Number 9788184501360
Terms of availability 1800.00
035 ## - SYSTEM CONTROL NUMBER
System control number EN-75481
037 ## - SOURCE OF ACQUISITION
Source of stock number/acquisition DBAD / PUB
040 ## - CATALOGING SOURCE
Original cataloging agency dpl
Language of cataloging English
082 ## - DEWEY DECIMAL CLASSIFICATION NUMBER
Classification number 613.042
100 ## - MAIN ENTRY--PERSONAL NAME
Personal name Goel, S.L.
245 ## - TITLE STATEMENT
Title Education of lifestyle and lifetime diseases /
Statement of responsibility, etc by S.L. Goel
260 ## - PUBLICATION, DISTRIBUTION, ETC. (IMPRINT)
Place of publication, distribution, etc New Delhi
Name of publisher, distributor, etc Deep & Deep Publications
Date of publication, distribution, etc 2009
270 ## - ADDRESS
Address F-159, Rajouri Garden,
City New Delhi
Postal code 110027
300 ## - PHYSICAL DESCRIPTION
Extent xiv, 345p.
Dimensions 24cm (Hb)
500 ## - GENERAL NOTE
General note Includes bibliographical references and index.
650 ## - SUBJECT ADDED ENTRY--TOPICAL TERM
Topical term or geographic name as entry element Health.
650 ## - SUBJECT ADDED ENTRY--TOPICAL TERM
Topical term or geographic name as entry element Physical fitness.
942 ## - ADDED ENTRY ELEMENTS (KOHA)
Source of classification or shelving scheme Dewey Decimal Classification
Item type English Books
Call number suffix GOE
Classification part 613.042
Holdings
Withdrawn status Lost status Source of classification or shelving scheme Damaged status Not for loan Collection code Home library Current library Date acquired Source of acquisition Cost, normal purchase price Total Checkouts Full call number Barcode Date last seen Copy number Cost, replacement price Koha item type
    Dewey Decimal Classification   Not For Loan Non-fiction D.B.Act.Division D.B.Act.Division 02/12/2008 DBAD / PUB 1800.00   613.042 GOE EN-75481 02/12/2008 1 1800.00 English Books

© Delhi Public Library
Hit Counter
free hit counter